La gestion dynamique des supply chains des entreprises virtuelles (notice n° 1668127)
[ vue normale ]
| 000 -LEADER | |
|---|---|
| fixed length control field | 01060cam a2200157 4500500 |
| 005 - DATE AND TIME OF LATEST TRANSACTION | |
| control field | 20260222004201.0 |
| 041 ## - LANGUAGE CODE | |
| Language code of text/sound track or separate title | fre |
| 042 ## - AUTHENTICATION CODE | |
| Authentication code | dc |
| 100 10 - MAIN ENTRY--PERSONAL NAME | |
| Personal name | Fabbe-Costes, Nathalie |
| Relator term | author |
| 245 00 - TITLE STATEMENT | |
| Title | La gestion dynamique des supply chains des entreprises virtuelles |
| 260 ## - PUBLICATION, DISTRIBUTION, ETC. | |
| Date of publication, distribution, etc. | 2005.<br/> |
| 500 ## - GENERAL NOTE | |
| General note | 41 |
| 520 ## - SUMMARY, ETC. | |
| Summary, etc. | L’article porte sur les dispositifs interorganisationnels permettant aux entreprises virtuelles de développer une gestion dynamique de leurs supply chains. Après avoir défini les termes employés, l’auteur propose une représentation complexe et dynamique de la gestion des supply chains des entreprises virtuelles. Elle envisage ensuite les principales questions posées par ces nouveaux modes de gestion, avant d’identifier les conditions interorganisationnelles du fonctionnement des « chaînes logistiques étendues ». |
| 786 0# - DATA SOURCE ENTRY | |
| Note | Revue française de gestion | 156 | 3 | 2005-06-01 | p. 151-166 | 0338-4551 |
| 856 41 - ELECTRONIC LOCATION AND ACCESS | |
| Uniform Resource Identifier | <a href="https://shs.cairn.info/revue-francaise-de-gestion-2005-3-page-151?lang=fr&redirect-ssocas=7080">https://shs.cairn.info/revue-francaise-de-gestion-2005-3-page-151?lang=fr&redirect-ssocas=7080</a> |
Pas d'exemplaire disponible.




Réseaux sociaux